| 000 | 00442nab a2200145Ia 4500 | ||
|---|---|---|---|
| 003 | ES-SlBCS | ||
| 005 | 20210601135145.0 | ||
| 008 | 140529s1979 xxu||||| |||| 00| 0 spa d | ||
| 041 | _aspa | ||
| 100 | 1 |
_aPoveda de Agustín, José María _9223029 |
|
| 245 | 0 | 0 |
_aPatrones de la conducta en el aula _c José María Poveda De Agustín |
| 650 | 0 | 4 |
_aAula _9139779 |
| 773 | 0 |
_tBordon _gvol. 31, nº. 227, 1979, págs. 97-102 _wRev1090 |
|
| 942 | _cAR | ||
| 999 |
_c623828 _d623828 |
||